الدور الإقليمي لمصر في الشرق الأوسط / (Record no. 17127)
[ view plain ]
| 000 -الفاتح | |
|---|---|
| حقل البيانات ثابتة الطول | 00962nac a22002051u 4500 |
| 008 - عناصر البيانات ثابتة الطول - معلومات عامة | |
| حقل البيانات ثابتة الطول | 121202b1995 ua ||||| |||| 00| 0 ara d |
| 082 ## - رقم تصنيف ديوى العشرى | |
| رقم التصنيف | 327.62056 |
| رقم المادة | د و ر |
| رقم الطبعة | 22 |
| 111 ## - المدخل الرئيسى - اسم مؤتمر | |
| اسم المؤتمر أو اسم السلطة كمدخل | ندوة الدور الإقليمي لمصر في الشرق الأوسط |
| موقع المؤتمر | الإسكندرية، مصر : |
| تاريخ الاجتماع | 1994 |
| 9 (RLIN) | 31569 |
| 245 ## - بيان العنوان | |
| العنوان | الدور الإقليمي لمصر في الشرق الأوسط / |
| بيان المسئوليه,etc | أحمد ثابت... [وآخ.] ؛ تحرير عبد المنعم المشاط. |
| 250 ## - بيان الطبعة | |
| بيان الطبعة | ط. 1. |
| 260 ## - PUBLICATION, DISTRIBUTION, ETC. (IMPRINT) | |
| مكان الناشر او الموزع | القاهرة : |
| اسم الناشر او الموزع | جامعة القاهرة، |
| تاريخ النشر أو التوزيع | 1995. |
| 300 ## - الوصف المادى | |
| التعداد | 466 ص. ؛ |
| أبعاد الوعاء | 24 سم. |
| 651 ## - المدخل الاضافى بالموضوع - اسم جغرافى | |
| الاسم الجغرافي | الشرق الأوسط |
| التقسيم الفرعي الشكلي | علاقات خارجية |
| التقسيم الفرعي الجغرافي | مصر |
| 9 (RLIN) | 31570 |
| 651 ## - المدخل الاضافى بالموضوع - اسم جغرافى | |
| الاسم الجغرافي | مصر |
| التقسيم الفرعي الشكلي | علاقات خارجية |
| التقسيم الفرعي الجغرافي | الشرق الأوسط |
| 9 (RLIN) | 31571 |
| 653 ## - مصطلح تكشيفى غير مقيد | |
| Resource For college | |
| 651 ## - المدخل الاضافى بالموضوع - اسم جغرافى | |
| 9 (RLIN) | 29430 |
| الاسم الجغرافي | مصر |
| التقسيم الفرعي العام | سياسة وحكومة |
| 700 ## - المدخل الاضافى - اسم شخصى | |
| الإسم الشخصى | ثابت، أحمد |
| 9 (RLIN) | 31572 |
| 700 ## - المدخل الاضافى - اسم شخصى | |
| الإسم الشخصى | المشاط، عبد المنعم |
| 9 (RLIN) | 31573 |
| 942 ## - عناصر المدخل الإضافي( كوها) | |
| مصدر التصنيف او مخطط الترفيف | Dewey Decimal Classification |
| Koha [default] item type | Book - Borrowing |
| سابقة رقم الطلب | 327.62056 د و ر |
| حالة التراجع | حالة الفقد | مصدر التصنيف او خطة الترفيف | حالة تلف | ليس للاعارة | مجموعات كوها | المكان الدائم | المكان الحالي | موقع الترفيف | تاريخ الاكتساب | Source of acquisition | رقم الاستدعاء | الباركود | Date last seen | مُعار | نوع الوعاء |
|---|---|---|---|---|---|---|---|---|---|---|---|---|---|---|---|
| Dewey Decimal Classification | Alef-Baa | Central Library | Central Library | First floor | 02/12/2012 | 327.62056 ن د و | 000027860 | 15/07/2025 | 20/11/2019 | Book - Borrowing |